000 nam a22 a 4500
999 _c2006
_d2006
003 AKMAL
005 20170512162407.0
008 170512s1998 my 00 may d
020 _a9839915541 (kkt.):
_cRM79.00
020 _a9839915541
040 _aAKMAL
_cAKMAL
043 _aa-my---
049 0 0 _amal
082 0 4 _a351.595 JPM
_221
090 0 0 _a351.595
_bJPM
090 2 0 _a351.595
_bJPM
110 1 _aMalaysia.
_bJabatan Perdana Menteri.
_bUnit Penyelarasan Pelaksanaan
_94159
245 1 0 _aPenggerak jentera pembangunan :
_bperanan dan fungsi unit penyelarasan pelaksanaan suatu analisis /
_cUnit Penyelarasan Pelaksanaan, Jabatan Perdana Menteri
260 _aMelaka :
_bInstitut Kajian Sejarah dan Patriotisme Malaysia,
_c1998
300 0 0 _axviii, 608ms. :
_bil. (sbhg. wrn.) ;
_c24cm
500 _aMengandungi indeks
504 _aBibliografi: ms. [595]-600
650 0 _aPublic administration
_zMalaysia
_9419
651 0 _aMalaysia
_xPolitics and government
_944
651 0 _aMalaysia
_xHistory
_9434
651 0 _aMalaysia
_xEconomic conditions
_963
942 _2ddc
_cBOOK